000 00490nam a22001817a 4500
003 OSt
005 20250613102622.0
008 250613b |||||||| |||| 00| 0 eng d
040 _aKABU
_cKABU
050 _aHD8072.5
_b.P66 2014
100 _aPons, Andrew
245 _aLabour relations handbook /
_cAndrew Pons & Patrick Deale
260 _aCape Town:
_bJuta & Co. Ltd,
_c2014
500 _aLoose leaf bound
650 _aLaboour relations
700 _aDeale, Patrick
942 _2lcc
_cBK
999 _c20730
_d20729